⛷️Skieurs les plus victorieux en Coupe du monde - Statistiques

Statistiques générales
  • Ce quiz a été pris 107 fois
  • Le résultat moyen est 8 sur 25
Statistiques - réponses
Nombres de victoires Nationalité Skieur % Correct
45 victoires Marco Odermatt
86%
67 victoires Marcel Hirscher
78%
34 victoires Alexis Pinturault
71%
33 victoires Henrik Kristoffersen
45%
21 victoires Didier Cuche
44%
21 victoires Aleksander Aamodt Kilde
41%
86 victoires Ingemar Stenmark
41%
50 victoires Alberto Tomba
38%
24 victoires Dominik Paris
38%
33 victoires Bode Miller
36%
54 victoires Hermann Maier
35%
36 victoires Aksel Lund Svindal
33%
26 victoires Ivica Kostelić
24%
25 victoires Ted Ligety
24%
21 victoires Kjetil André Aamodt
21%
46 victoires Marc Girardelli
21%
40 victoires Pirmin Zurbriggen
19%
23 victoires Kjetil Jansrud
14%
36 victoires Benjamin Raich
10%
23 victoires Michael von Grünigen
6%
24 victoires Peter Müller
6%
29 victoires Stephan Eberharter
6%
24 victoires Gustav Thöni
5%
27 victoires Phil Mahre
5%
26 victoires Franz Klammer
4%
Aucun quiz correspondant
Distribution des résultats
% des personnes avec chaque résultat
Percentile par nombre de réponses
Votre historique - résultats
Vous n’avez pas pris ce quiz